000 02076cam a22004574i 4500
003 PE-LiUPU
005 20250731173109.0
008 150623s1998 mau rb 000 0 eng d
020 _a1565632885
035 _a(Sirsi) i9781565632882
040 _aPE-LiUPU
_bspa
_cPE-LiUPU
_erda
049 _aPRUA
082 0 4 _a296.124
_bS31
_221
100 1 _aSchechter, Solomon,
_d1847-1915,
_eautor.
245 1 0 _aAspects of rabbinic theology :
_bmajor concepts of the Talmud /
_cSolomon Schechter.
264 1 _aMassachusetts :
_bHendrickson Publishers,
_c1998.
300 _a384 páginas ;
_c20 centímetros
336 _atext
_2rdacontent
337 _aunmediated
_2rdamedia
338 _avolume
_2rdacarrier
504 _aIncluye bibliografía.
505 0 _aGod and the world -- God and Israel -- Election of Israel -- The kingdom of God (invisible) -- The visible kingdom (universal) -- The kingdom of God (national) -- The "Law" -- The Law as personified in the literature -- The Torah in its aspect of Law (mizwoth) -- The joy of the Law -- The zachuth of the fathers. imputed righteousness and inputed sin -- The law of holiness and the law of goodnes -- Sin as rebelion -- The evil yezer: the source of rebelion -- Man's victory by the grace of God, over the evil yezer created by God -- Forgiveness and reconciliation with God -- Repetance: means of reconciliation.
526 _aSEG42
526 _aSEG41
526 _aSEG40
526 _aSEG39
526 _aP94
526 _aP87
526 _aP86
526 _aP85
526 _aP77
526 _aP76
526 _aP35
650 0 4 _aJudaismo
_xDoctrinas.
942 _2ddc
_cBOOK
949 _a296.124 S31
_wDEWEY
_c1
_i49519
_lCCODEBUL1
_mBUL
_r0
_sY
_tBOOK
_u2015-6-24
_xTEOLOGIA
_PP35
_0COMPRA
_o.STAFF. Colección General
994 _aC0
_bPEPRU
596 _a1
999 _a296.124 S31
_wDEWEY
_c30491
_i49519
_f2021-11-11
_g5
_lCCODEBUL1
_mBUL
_p22.49
_r0
_sY
_tBOOK
_u2015-6-24
_xTEOLOGIA
_PP35
_0COMPRA
_o.STAFF. Colección Teología
_d30491
980 _81
_gALBERTO SANCHEZ Responsable de Automatización